| 000 | 00523nam a2200205Ia 4500 | ||
|---|---|---|---|
| 003 | OSt | ||
| 005 | 20230509140440.0 | ||
| 008 | 210423s2000 xx 000 0 und d | ||
| 040 | _cAL | ||
| 041 | _aeng | ||
| 082 |
_a361.3 _223 _bSIKS |
||
| 100 |
_aSIKLIGAR (P C) _9100954 |
||
| 245 | _aSocial security | ||
| 260 |
_aBombay _bMangal Deep Publications _c2000 |
||
| 365 |
_b250 _cINR |
||
| 650 |
_aSocial Problems & Services _9100955 |
||
| 650 |
_aSocial Work _9100956 |
||
| 906 | _asecurity ; Social | ||
| 942 |
_2ddc _cBK |
||
| 999 |
_c171612 _d171612 |
||